[Event "Ho Chi Minh City HD Bank op 5th"]
[Site "Ho Chi Minh City"]
[Date "2015.03.22"]
[Round "9"]
[White "Duong, The Anh"]
[Black "Nguyen, Sy Hung"]
[Result "1-0"]
[WhiteElo "2340"]
[BlackElo "2113"]
[PlyCount "77"]
[EventDate "2015.03.17"]
[EventType "swiss"]
[EventRounds "9"]
[EventCountry "VIE"]
[SourceTitle "CBM 165 Extra"]
[Source "ChessBase"]
[SourceDate "2015.04.21"]
[SourceVersion "1"]
[SourceVersionDate "2015.04.21"]
[SourceQuality "1"]

1. d4 Nf6 2. Bg5 Ne4 3. Bf4 d5 4. e3 e6 5. Bd3 Nd7 6. Ne2 Bd6 7. Bxe4 dxe4 8. Nbc3 f5 9. Nb5 Nf6 10. c4 a6 11. Nxd6+ cxd6 12. Qa4+ Kf7 13. Qb4 Ne8 14. Rc1 a5 15. Qa3 Ra6 16. h3 Qf6 17. Nc3 g5 18. Bh2 Rg8 19. Nb5 Qe7 20. Qb3 Bd7 21. a4 Qd8 22. Qa3 Bc8 23. Rc2 g4 24. Bg3 h5 25. hxg4 hxg4 26. Kd2 Rc6 27. Kc1 Kg6 28. Kb1 Qb6 29. c5 dxc5 30. dxc5 Qd8 31. Nd4 Ra6 32. c6 Nf6 33. Be5 Nd5 34. c7 Qe7 35. Qxe7 Nxe7 36. Ne2 Nd5 37. Nf4+ Nxf4 38. exf4 Rc6 39. Rd2 1-0

[Event "Ho Chi Minh City HD Bank op 5th"]
[Site "Ho Chi Minh City"]
[Date "2015.03.21"]
[Round "7"]
[White "Vo, Thi Kim Phung"]
[Black "Nguyen, Sy Hung"]
[Result "0-1"]
[WhiteElo "2197"]
[BlackElo "2113"]
[PlyCount "126"]
[EventDate "2015.03.17"]
[EventType "swiss"]
[EventRounds "9"]
[EventCountry "VIE"]
[SourceTitle "CBM 165 Extra"]
[Source "ChessBase"]
[SourceDate "2015.04.21"]
[SourceVersion "1"]
[SourceVersionDate "2015.04.21"]
[SourceQuality "1"]

1. d4 Nf6 2. Bg5 d5 3. e3 c6 4. c3 Bf5 5. Qb3 Qb6 6. Bxf6 exf6 7. Nd2 Nd7 8. Ngf3 Bd6 9. c4 Qxb3 10. axb3 0-0 11. Nh4 Be6 12. c5 Bc7 13. b4 f5 14. Bd3 f4 15. exf4 Bxf4 16. g3 Bg5 17. Nhf3 Bf6 18. h3 Rfe8 19. Kd1 h5 20. Kc2 g5 21. Nb3 Kg7 22. h4 g4 23. Ne1 Nf8 24. Ng2 Bd7 25. Nf4 Kh6 26. Rhf1 Bh8 27. b5 cxb5 28. Nxd5 Ne6 29. Kc3 Bc6 30. Ne3 Red8 31. Nf5+ Kh7 32. Rfd1 Bf3 33. Rd2 a6 34. Kb4 Kg8 35. Bc2 Kf8 36. Nd6 b6 37. Bf5 a5+ 38. Kxb5 Nc7+ 39. Ka4 b5+ 40. Ka3 b4+ 41. Ka2 Bd5 42. Rc1 a4 43. Nc4 axb3+ 44. Kxb3 Nb5 45. Rcd1 Bf3 46. Kxb4 Nxd4 47. Rxd4 Rxd4 48. Rc1 Bc6 49. b3 Rb8+ 50. Ka3 Rd5 51. Ne3 Rd2 52. Rc2 Ra8+ 53. Kb4 Rb8+ 54. Ka3 Rxc2 55. Nxc2 Bd5 56. Ne3 Bxb3 57. c6 Be5 58. Bd7 Bd6+ 59. Kb2 Be6+ 60. Kc3 Bxd7 61. cxd7 Rd8 62. Nd5 Rxd7 63. Nf6 Be5+ 0-1

[Event "Ho Chi Minh City HD Bank op 5th"]
[Site "Ho Chi Minh City"]
[Date "2015.03.19"]
[Round "5"]
[White "Diu, Viacheslav"]
[Black "Nguyen, Sy Hung"]
[Result "1-0"]
[WhiteElo "2457"]
[BlackElo "2113"]
[PlyCount "73"]
[EventDate "2015.03.17"]
[EventType "swiss"]
[EventRounds "9"]
[EventCountry "VIE"]
[SourceTitle "CBM 165 Extra"]
[Source "ChessBase"]
[SourceDate "2015.04.21"]
[SourceVersion "1"]
[SourceVersionDate "2015.04.21"]
[SourceQuality "1"]

1. e4 g6 2. d4 Bg7 3. Nc3 d6 4. Be3 Nd7 5. Qd2 a6 6. Nf3 h6 7. a4 e6 8. a5 Ne7 9. Bd3 Nf6 10. h3 Bd7 11. 0-0 g5 12. Rfe1 Nh5 13. e5 Bc6 14. Qe2 Nf4 15. Bxf4 gxf4 16. Be4 Qd7 17. Bxc6 Qxc6 18. Qd2 dxe5 19. dxe5 Ng6 20. Rad1 0-0 21. h4 Qc5 22. Qe2 Rad8 23. Rxd8 Rxd8 24. h5 Ne7 25. Qe4 Nd5 26. Nxd5 Qxd5 27. Qxf4 Qxa5 28. g4 Qc5 29. g5 Qf8 30. Kh2 Kh8 31. Rg1 Rd5 32. Kh3 hxg5 33. Nxg5 Rxe5 34. Nxf7+ Kh7 35. Ng5+ Kh8 36. Qxf8+ Bxf8 37. Nf7+ 1-0

[Event "Ho Chi Minh City HD Bank op 5th"]
[Site "Ho Chi Minh City"]
[Date "2015.03.17"]
[Round "1"]
[White "Tu, Hoang Thong"]
[Black "Nguyen, Sy Hung"]
[Result "1-0"]
[WhiteElo "2414"]
[BlackElo "2113"]
[PlyCount "89"]
[EventDate "2015.03.17"]
[EventType "swiss"]
[EventRounds "9"]
[EventCountry "VIE"]
[SourceTitle "CBM 165 Extra"]
[Source "ChessBase"]
[SourceDate "2015.04.21"]
[SourceVersion "1"]
[SourceVersionDate "2015.04.21"]
[SourceQuality "1"]

1. e4 g6 2. Nc3 Bg7 3. Bc4 e6 4. d3 Ne7 5. Bb3 b6 6. h4 Bb7 7. h5 d5 8. Qf3 d4 9. Nce2 a5 10. Nh3 Nbc6 11. Ba4 Qd6 12. a3 e5 13. Ng5 f6 14. hxg6 fxg5 15. Qf7+ Kd7 16. Qxg7 Rag8 17. Qf7 Qxg6 18. Qxg6 Rxg6 19. Rh5 h6 20. Ng3 Rf8 21. Bd2 Kd6 22. Ke2 Bc8 23. Rh2 Be6 24. Rah1 Ng8 25. Ke1 Kc5 26. Bb3 Bxb3 27. cxb3 Kb5 28. Nf5 Rff6 29. Ke2 Nce7 30. g4 Rc6 31. a4+ Ka6 32. b4 axb4 33. Bxb4 Nc8 34. Kd2 Rgf6 35. Ra1 Rce6 36. Rhh1 c5 37. Ba3 Rc6 38. b4 Rc7 39. Rac1 b5 40. bxc5 Na7 41. axb5+ Nxb5 42. Bb4 Na7 43. Ra1+ Kb7 44. Rhb1 Kc8 45. Ba5 1-0

[Event "VIE-ch Resolution 7th"]
[Site "Bac Giang"]
[Date "2014.12.06"]
[Round "2"]
[White "Le, Minh Tu"]
[Black "Nguyen, Sy Hung"]
[Result "1/2-1/2"]
[WhiteElo "1810"]
[BlackElo "2113"]
[PlyCount "56"]
[EventDate "2014.12.05"]
[EventType "swiss"]
[EventRounds "9"]
[EventCountry "VIE"]
[SourceTitle "EXT 2016"]
[Source "ChessBase"]
[SourceDate "2015.10.08"]
[SourceVersion "1"]
[SourceVersionDate "2015.10.08"]
[SourceQuality "1"]

1. d4 g6 2. Nf3 Bg7 3. Bf4 d6 4. e3 Nd7 5. Bc4 e6 6. 0-0 Ne7 7. c3 0-0 8. a4 h6 9. h3 g5 10. Bh2 Ng6 11. Qc2 Qe7 12. Bd3 f5 13. e4 fxe4 14. Bxe4 Nf4 15. Qd1 Qf7 16. Nbd2 d5 17. Bc2 e5 18. dxe5 Nxe5 19. Bxf4 Qxf4 20. Nxe5 Bxe5 21. Nf3 c6 22. Nxe5 Qxe5 23. Qh5 Qg7 24. Rae1 Bd7 25. Re3 Rae8 26. Rfe1 Rxe3 27. Rxe3 Qf6 28. Rf3 Qg7 1/2-1/2

[Event "VIE-ch Resolution 7th"]
[Site "Bac Giang"]
[Date "2014.12.05"]
[Round "1"]
[White "Nguyen, Sy Hung"]
[Black "Tu, Hoang Thong"]
[Result "0-1"]
[WhiteElo "2113"]
[BlackElo "2414"]
[PlyCount "80"]
[EventDate "2014.12.05"]
[EventType "swiss"]
[EventRounds "9"]
[EventCountry "VIE"]
[SourceTitle "EXT 2016"]
[Source "ChessBase"]
[SourceDate "2015.10.08"]
[SourceVersion "1"]
[SourceVersionDate "2015.10.08"]
[SourceQuality "1"]

1. d4 c5 2. Nf3 Nf6 3. g3 cxd4 4. Nxd4 d5 5. Bg2 e5 6. Nb3 h6 7. 0-0 Nc6 8. Nc3 Be6 9. Na4 Qc7 10. Nac5 Bg4 11. c3 Rd8 12. Nd3 Bd6 13. Be3 b6 14. a4 0-0 15. a5 bxa5 16. Bc5 Rfe8 17. Bxd6 Rxd6 18. Ndc5 Qb6 19. Qc2 Rb8 20. Ra3 Nd7 21. Na4 Qb5 22. Re1 Be6 23. Bf1 d4 24. Nd2 Nb6 25. Ne4 Rdd8 26. Nac5 Bf5 27. cxd4 Nxd4 28. Qc3 Qc6 29. Bg2 Nb5 30. Qxe5 Nxa3 31. Qxf5 Nc2 32. Rf1 Nd4 33. Qh5 Rd5 34. Nf6+ gxf6 35. Bxd5 Qxd5 36. Qg4+ Kh8 37. Nd3 Rg8 38. e4 Rxg4 39. exd5 Nxd5 40. Kg2 Nb3 0-1

[Event "VIE-ch"]
[Site "Da Lat"]
[Date "2014.03.29"]
[Round "5"]
[White "Nguyen, Sy Hung"]
[Black "Dang, Bao Long"]
[Result "1-0"]
[WhiteElo "2131"]
[BlackElo "1507"]
[PlyCount "81"]
[EventDate "2014.03.26"]
[EventType "swiss"]
[EventRounds "11"]
[EventCountry "VIE"]
[SourceTitle "CBM 159 Extra"]
[Source "ChessBase"]
[SourceDate "2014.04.24"]
[SourceVersion "1"]
[SourceVersionDate "2014.04.24"]
[SourceQuality "1"]

1. d4 d5 2. Nf3 Nf6 3. c4 e6 4. g3 Nbd7 5. Qc2 Bb4+ 6. Bd2 Qe7 7. a3 Bxd2+ 8. Nbxd2 0-0 9. Bg2 c6 10. 0-0 e5 11. cxd5 Nxd5 12. e4 N5b6 13. Rac1 exd4 14. Nxd4 Re8 15. Nf5 Qf6 16. h3 Ne5 17. f4 Ng6 18. Ne3 Bd7 19. e5 Qe7 20. Ne4 Red8 21. h4 Nd5 22. Nxd5 cxd5 23. Nd6 Bc6 24. Qc5 Qe6 25. Rce1 f5 26. b4 a6 27. a4 Ne7 28. b5 axb5 29. axb5 Be8 30. Ra1 Rac8 31. Nxc8 Rxc8 32. Qd6 Kf7 33. Rfc1 Bxb5 34. Rxc8 Nxc8 35. Qxd5 Bc6 36. Qxe6+ Kxe6 37. Bxc6 bxc6 38. Rd1 Ke7 39. Kf2 g6 40. h5 Ke6 41. Rd8 1-0

[Event "VIE-ch"]
[Site "Da Lat"]
[Date "2014.03.29"]
[Round "6"]
[White "Nguyen, Tan Thinh"]
[Black "Nguyen, Sy Hung"]
[Result "1/2-1/2"]
[WhiteElo "1990"]
[BlackElo "2131"]
[PlyCount "125"]
[EventDate "2014.03.26"]
[EventType "swiss"]
[EventRounds "11"]
[EventCountry "VIE"]
[SourceTitle "CBM 159 Extra"]
[Source "ChessBase"]
[SourceDate "2014.04.24"]
[SourceVersion "1"]
[SourceVersionDate "2014.04.24"]
[SourceQuality "1"]

1. d4 g6 2. c4 Bg7 3. Nc3 d6 4. Nf3 Nf6 5. g3 0-0 6. Bg2 Nc6 7. 0-0 a6 8. e4 Rb8 9. Qe2 Bg4 10. Rd1 e5 11. d5 Nd4 12. Qd3 c5 13. dxc6 bxc6 14. Nxd4 exd4 15. Ne2 Nd7 16. f3 Ne5 17. Qa3 d3 18. fxg4 dxe2 19. Re1 Nxg4 20. Bf3 Qb6+ 21. c5 Bd4+ 22. Kg2 Bxc5 23. Qa4 Ne5 24. Bxe2 a5 25. Qc2 Be3 26. b3 Bxc1 27. Raxc1 f5 28. Bc4+ Kg7 29. Rcd1 Qc5 30. Rd2 fxe4 31. Rxe4 Rf6 32. Qc3 Rbf8 33. Qe3 Qxe3 34. Rxe3 g5 35. Re4 h5 36. Ba6 R8f7 37. h3 Nf3 38. Rde2 d5 39. Ra4 h4 40. Bc8 d4 41. Ba6 hxg3 42. Rxa5 Nh4+ 43. Kxg3 Rf3+ 44. Kh2 Nf5 45. Rg2 Kh6 46. Re5 Re3 47. Rc5 Rf6 48. Rf2 Kg6 49. Bc8 Ne7 50. Rxf6+ Kxf6 51. Bg4 Rc3 52. Rc4 Ke5 53. Kg2 Nd5 54. Kf2 Ke4 55. Rxc3 dxc3 56. Ke2 Kd4 57. a3 Ne3 58. a4 Nd5 59. a5 Nb4 60. Bc8 Kc5 61. a6 Kb6 62. Ke3 c5 63. Bb7 1/2-1/2

[Event "Ho Chi Minh City HD Bank op 4th"]
[Site "Ho Chi Minh City"]
[Date "2014.03.13"]
[Round "6"]
[White "Nguyen, Sy Hung"]
[Black "Sukandar, Irine Kharisma"]
[Result "1/2-1/2"]
[WhiteElo "2131"]
[BlackElo "2343"]
[PlyCount "90"]
[EventDate "2014.03.10"]
[EventType "swiss"]
[EventRounds "9"]
[EventCountry "VIE"]
[SourceTitle "CBM 159 Extra"]
[Source "ChessBase"]
[SourceDate "2014.04.24"]
[SourceVersion "1"]
[SourceVersionDate "2014.04.24"]
[SourceQuality "1"]

1. g3 e5 2. Bg2 d5 3. d3 c5 4. Nf3 Nc6 5. 0-0 Nf6 6. Nbd2 Be7 7. e4 dxe4 8. dxe4 0-0 9. h3 h6 10. Qe2 Qc7 11. c3 Be6 12. Nh4 Rfd8 13. Nf5 Bf8 14. Nc4 Qd7 15. Nce3 g6 16. g4 Qd3 17. Ng3 Qxe2 18. Nxe2 c4 19. f4 Bc5 20. f5 gxf5 21. gxf5 Rd3 22. fxe6 Bxe3+ 23. Bxe3 Rxe3 24. Rxf6 Rxe2 25. Rxf7 Rxb2 26. Rd1 Re8 27. Rdd7 Rxe6 28. Rg7+ Kf8 29. Rxb7 Rxa2 30. Rbf7+ Ke8 31. Bf1 Ra1 32. Kf2 Re7 33. Bxc4 Rxf7+ 34. Bxf7+ Kf8 35. Rh7 Rc1 36. c4 Na5 37. Bd5 Nxc4 38. Rxa7 Rc2+ 39. Kg3 Ne3 40. Rf7+ Ke8 41. Rf6 Nxd5 42. exd5 Rd2 43. Re6+ Kd7 44. Rxe5 Kd6 45. Rh5 Rxd5 1/2-1/2

[Event "Ho Chi Minh City HD Bank op 4th"]
[Site "Ho Chi Minh City"]
[Date "2014.03.12"]
[Round "5"]
[White "Nguyen, Truong Bao Tran"]
[Black "Nguyen, Sy Hung"]
[Result "0-1"]
[WhiteElo "1889"]
[BlackElo "2131"]
[PlyCount "80"]
[EventDate "2014.03.10"]
[EventType "swiss"]
[EventRounds "9"]
[EventCountry "VIE"]
[SourceTitle "CBM 159 Extra"]
[Source "ChessBase"]
[SourceDate "2014.04.24"]
[SourceVersion "1"]
[SourceVersionDate "2014.04.24"]
[SourceQuality "1"]

1. c4 g6 2. d4 Bg7 3. e3 Nf6 4. Nc3 0-0 5. Nf3 d6 6. Be2 Nbd7 7. 0-0 e5 8. b3 Re8 9. Bb2 e4 10. Nd2 Nf8 11. Qc2 Bf5 12. Rac1 c6 13. b4 h5 14. c5 d5 15. b5 h4 16. bxc6 bxc6 17. Qa4 Bd7 18. Nb3 N6h7 19. Na5 Qg5 20. Rfe1 Ne6 21. Rb1 Reb8 22. Ba3 Nd8 23. Rb4 Rxb4 24. Qxb4 Bh8 25. g3 hxg3 26. hxg3 Qf5 27. Qb1 Ng5 28. f4 exf3 29. Qxf5 Bxf5 30. Bf1 Rc8 31. Rd1 Rc7 32. Bd3 Bxd3 33. Rxd3 Nb7 34. Nb3 f5 35. Kf2 Bf6 36. Bb4 Rh7 37. Rd2 Ne4+ 38. Kxf3 a5 39. Rb2 axb4 40. Ne2 Rh2 0-1

[Event "Ho Chi Minh City HD Bank op 4th"]
[Site "Ho Chi Minh City"]
[Date "2014.03.11"]
[Round "2"]
[White "Shyam, Nikil P"]
[Black "Nguyen, Sy Hung"]
[Result "1-0"]
[WhiteElo "2431"]
[BlackElo "2131"]
[PlyCount "43"]
[EventDate "2014.03.10"]
[EventType "swiss"]
[EventRounds "9"]
[EventCountry "VIE"]
[SourceTitle "CBM 159 Extra"]
[Source "ChessBase"]
[SourceDate "2014.04.24"]
[SourceVersion "1"]
[SourceVersionDate "2014.04.24"]
[SourceQuality "1"]

1. e4 g6 2. d4 Bg7 3. Nc3 d6 4. Be3 a6 5. a4 Nd7 6. h3 e6 7. Qd2 h6 8. g4 Ne7 9. Bg2 b6 10. Nge2 Bb7 11. Rd1 d5 12. 0-0 dxe4 13. Nxe4 Nd5 14. Nf4 Nxe3 15. fxe3 Rb8 16. Ng3 0-0 17. Bxb7 Rxb7 18. Qg2 Qc8 19. Ne4 Qb8 20. g5 h5 21. Nxh5 gxh5 22. Nf6+ 1-0

[Event "Ho Chi Minh City HD Bank op 4th"]
[Site "Ho Chi Minh City"]
[Date "2014.03.11"]
[Round "3"]
[White "Tran, Thi Mong Thu"]
[Black "Nguyen, Sy Hung"]
[Result "0-1"]
[WhiteElo "1909"]
[BlackElo "2131"]
[PlyCount "88"]
[EventDate "2014.03.10"]
[EventType "swiss"]
[EventRounds "9"]
[EventCountry "VIE"]
[SourceTitle "CBM 159 Extra"]
[Source "ChessBase"]
[SourceDate "2014.04.24"]
[SourceVersion "1"]
[SourceVersionDate "2014.04.24"]
[SourceQuality "1"]

1. d4 g6 2. c4 Bg7 3. Nf3 Nf6 4. Nc3 c5 5. d5 d6 6. Qc2 0-0 7. e4 e6 8. Be2 exd5 9. cxd5 a6 10. 0-0 b5 11. a3 Qc7 12. Nd1 Re8 13. Nd2 Nbd7 14. Rb1 Nb6 15. b3 Qe7 16. Bd3 Bd7 17. f3 Nh5 18. Bb2 Bxb2 19. Qxb2 Qg5 20. Nf2 Nf4 21. g3 Rac8 22. Rbd1 c4 23. bxc4 Nxd3 24. Nxd3 Qe3+ 25. Nf2 Nxc4 26. Nxc4 bxc4 27. Kg2 Rb8 28. Qf6 Rb6 29. Rc1 h5 30. Rc3 Qe2 31. Rcc1 Qb2 32. Qg5 Rb3 33. Qf4 Qxa3 34. g4 hxg4 35. Nxg4 Bxg4 36. fxg4 Rb7 37. Rc2 Qd3 38. Rcf2 Qxe4+ 39. Qxe4 Rxe4 40. Kg3 Rd4 41. Rf4 Rd3+ 42. Kh4 Rc7 43. Rc1 c3 44. Ra4 f6 0-1

[Event "VIE-chT"]
[Site "Ho Chi Minh City"]
[Date "2013.08.19"]
[Round "9"]
[White "Duong, The Anh"]
[Black "Nguyen, Sy Hung"]
[Result "1-0"]
[WhiteElo "2347"]
[BlackElo "2091"]
[PlyCount "99"]
[EventDate "2013.08.14"]
[EventType "team-swiss"]
[EventRounds "11"]
[EventCountry "VIE"]
[SourceTitle "CBM 156 Extra"]
[Source "ChessBase"]
[SourceDate "2013.10.22"]
[SourceVersion "1"]
[SourceVersionDate "2013.10.22"]
[SourceQuality "1"]

1. d4 g6 2. e4 Bg7 3. Nc3 d6 4. Nf3 Nd7 5. Be2 e6 6. 0-0 Ne7 7. Be3 b6 8. Qd2 h6 9. Rad1 Bb7 10. Rfe1 a6 11. a4 Nf6 12. Bd3 d5 13. exd5 Nexd5 14. Nxd5 Nxd5 15. Ne5 Nxe3 16. Qxe3 Qg5 17. Qxg5 hxg5 18. c3 0-0 19. a5 Rad8 20. axb6 cxb6 21. Ra1 b5 22. Be4 Bxe4 23. Rxe4 f5 24. Ree1 Bxe5 25. Rxe5 Rd6 26. Rc5 Kg7 27. h3 Rf7 28. b4 Re7 29. Re1 Kf7 30. g4 Red7 31. Ra1 Re7 32. Kg2 Kf6 33. Re1 Red7 34. Ree5 Rd8 35. Kg3 R8d7 36. h4 gxh4+ 37. Kxh4 Rh7+ 38. Kg3 Rh1 39. f3 Rh7 40. Rc8 Rhd7 41. Rec5 Rd8 42. Rxd8 Rxd8 43. Rc6 Ke7 44. Kf4 Kd7 45. Rxa6 Rc8 46. Ra3 Kd6 47. Kg5 fxg4 48. fxg4 e5 49. dxe5+ Kxe5 50. Ra5 1-0

[Event "Ho Chi Minh City HD Bank op 3rd"]
[Site "Ho Chi Minh City"]
[Date "2013.03.24"]
[Round "9"]
[White "Nguyen, Sy Hung"]
[Black "Le, Kieu Thien Kim"]
[Result "0-1"]
[WhiteElo "2089"]
[BlackElo "2234"]
[PlyCount "66"]
[EventDate "2013.03.19"]
[EventType "swiss"]
[EventRounds "9"]
[EventCountry "VIE"]
[SourceTitle "CBM 153 Extra"]
[Source "ChessBase"]
[SourceDate "2013.04.22"]
[SourceVersion "1"]
[SourceVersionDate "2013.04.22"]
[SourceQuality "1"]

1. g3 d5 2. Bg2 Nf6 3. d3 Bf5 4. Nd2 e5 5. h3 Bc5 6. e3 Nc6 7. Ne2 Qd7 8. a3 a5 9. b3 h5 10. Bb2 0-0 11. Nf3 Rfe8 12. Ng5 Ra6 13. e4 Bg6 14. 0-0 h4 15. Kh1 dxe4 16. dxe4 Qe7 17. gxh4 Rd8 18. Qe1 Nh5 19. f4 exf4 20. Nxf4 Nxf4 21. Rxf4 f6 22. Nf3 Bd6 23. e5 Nxe5 24. Nxe5 Bxe5 25. Bxe5 fxe5 26. Bxb7 Rad6 27. Rc4 Bh5 28. Qc3 Qf6 29. Bg2 Qf2 30. Rf1 Rd1 31. Rxd1 Rxd1+ 32. Kh2 Bf7 33. Rc5 Rd2 0-1

[Event "Ho Chi Minh City HD Bank op 3rd"]
[Site "Ho Chi Minh City"]
[Date "2013.03.23"]
[Round "8"]
[White "Tran, Ngoc Lan"]
[Black "Nguyen, Sy Hung"]
[Result "0-1"]
[WhiteElo "2275"]
[BlackElo "2089"]
[PlyCount "72"]
[EventDate "2013.03.19"]
[EventType "swiss"]
[EventRounds "9"]
[EventCountry "VIE"]
[SourceTitle "CBM 153 Extra"]
[Source "ChessBase"]
[SourceDate "2013.04.22"]
[SourceVersion "1"]
[SourceVersionDate "2013.04.22"]
[SourceQuality "1"]

1. d4 g6 2. e4 Bg7 3. Nc3 d6 4. Be3 a6 5. a4 b6 6. Qd2 Bb7 7. Bd3 Nd7 8. Nge2 c5 9. d5 Ne5 10. f4 Nxd3+ 11. cxd3 Nf6 12. h3 Qd7 13. g4 e6 14. g5 Nh5 15. d4 exd5 16. dxc5 dxc5 17. Nxd5 Rd8 18. Kf2 0-0 19. Rad1 Qe6 20. Qc2 f6 21. Qc4 Kh8 22. gxf6 Nxf6 23. Nec3 Nxe4+ 24. Qxe4 Qxe4 25. Nxe4 Bxd5 26. Ng5 Bxh1 27. Rxd8 Rxd8 28. Nf7+ Kg8 29. Nxd8 Bd5 30. a5 bxa5 31. Bxc5 Bxb2 32. Ke3 a4 33. h4 a3 34. Bxa3 Bxa3 35. Kd4 Be7 36. h5 gxh5 0-1

[Event "Ho Chi Minh City HD Bank op 3rd"]
[Site "Ho Chi Minh City"]
[Date "2013.03.21"]
[Round "5"]
[White "Nguyen, Sy Hung"]
[Black "Kuich, Gero"]
[Result "1-0"]
[WhiteElo "2089"]
[BlackElo "1808"]
[PlyCount "49"]
[EventDate "2013.03.19"]
[EventType "swiss"]
[EventRounds "9"]
[EventCountry "VIE"]
[SourceTitle "CBM 153 Extra"]
[Source "ChessBase"]
[SourceDate "2013.04.22"]
[SourceVersion "1"]
[SourceVersionDate "2013.04.22"]
[SourceQuality "1"]

1. d4 Nf6 2. Nf3 g6 3. c4 Bg7 4. g3 0-0 5. Bg2 e6 6. 0-0 d5 7. Nc3 c6 8. Bg5 h6 9. Bf4 Nbd7 10. c5 b6 11. b4 bxc5 12. bxc5 Re8 13. Qa4 Bb7 14. Rab1 Qc8 15. Bd6 Bf8 16. Bxf8 Kxf8 17. Rfc1 e5 18. Nxe5 Nxe5 19. dxe5 Nd7 20. Bh3 Re7 21. Nxd5 Rxe5 22. Nf6 Re7 23. Qd4 Qc7 24. Nxd7+ Rxd7 25. Qxd7 1-0

[Event "Ho Chi Minh City HD Bank op 3rd"]
[Site "Ho Chi Minh City"]
[Date "2013.03.21"]
[Round "4"]
[White "Pham Thi Thu, Hien"]
[Black "Nguyen, Sy Hung"]
[Result "1-0"]
[WhiteElo "2132"]
[BlackElo "2089"]
[PlyCount "115"]
[EventDate "2013.03.19"]
[EventType "swiss"]
[EventRounds "9"]
[EventCountry "VIE"]
[SourceTitle "CBM 153 Extra"]
[Source "ChessBase"]
[SourceDate "2013.04.22"]
[SourceVersion "1"]
[SourceVersionDate "2013.04.22"]
[SourceQuality "1"]

1. e4 g6 2. d4 Bg7 3. Nf3 d6 4. Bf4 a6 5. Bc4 e6 6. 0-0 Nd7 7. Bg5 Ne7 8. Re1 h6 9. Bh4 g5 10. Bg3 Ng6 11. h3 b5 12. Bb3 Bb7 13. Nbd2 0-0 14. c3 Qe7 15. a4 c5 16. Nf1 Rfd8 17. Qe2 bxa4 18. Rxa4 Nf4 19. Qd2 Nb6 20. Raa1 e5 21. d5 c4 22. Bc2 f5 23. Ne3 fxe4 24. Bxe4 Qf7 25. Ra5 Rac8 26. Bf5 Nbxd5 27. Bxc8 Rxc8 28. Nxd5 Nxd5 29. Rd1 e4 30. Ne1 Nf4 31. Bxf4 gxf4 32. Qxd6 Re8 33. Qd7 Re7 34. Qf5 Qxf5 35. Rxf5 f3 36. gxf3 Kh7 37. fxe4 Bxe4 38. Rc5 Bf6 39. Rxc4 Rg7+ 40. Kf1 Bf5 41. f3 Bxh3+ 42. Kf2 Be5 43. Rc5 Bg3+ 44. Ke2 Re7+ 45. Kd2 Bf2 46. Rd5 Be6 47. Re5 Bg3 48. Re4 Kg6 49. Nd3 Bd6 50. Ke2 Kf6 51. Rh1 Rh7 52. Reh4 Bf8 53. Rf4+ Ke7 54. Nc5 Bc8 55. Kf2 Ke8 56. Ne4 Rb7 57. b4 Rf7 58. Nf6+ 1-0

[Event "Ho Chi Minh City HD Bank op 3rd"]
[Site "Ho Chi Minh City"]
[Date "2013.03.19"]
[Round "1"]
[White "Nguyen, Sy Hung"]
[Black "Pham, Le Thao Nguyen"]
[Result "0-1"]
[WhiteElo "2089"]
[BlackElo "2422"]
[PlyCount "134"]
[EventDate "2013.03.19"]
[EventType "swiss"]
[EventRounds "9"]
[EventCountry "VIE"]
[SourceTitle "CBM 153 Extra"]
[Source "ChessBase"]
[SourceDate "2013.04.22"]
[SourceVersion "1"]
[SourceVersionDate "2013.04.22"]
[SourceQuality "1"]

1. c4 Nf6 2. Nf3 c6 3. g3 d5 4. b3 Bf5 5. Bg2 e6 6. 0-0 Be7 7. Bb2 0-0 8. d3 h6 9. Nbd2 a5 10. a3 Na6 11. h3 Bh7 12. Ne5 Qb6 13. d4 c5 14. e3 Rfd8 15. cxd5 exd5 16. dxc5 Nxc5 17. Bd4 Qa6 18. Re1 Rac8 19. Bf1 Qd6 20. Ra2 Ne6 21. Ba1 Qc7 22. Bd3 d4 23. Bxh7+ Nxh7 24. exd4 Nxd4 25. Bxd4 Rxd4 26. Qe2 Bf8 27. Ndf3 Rd5 28. Rd1 Rxd1+ 29. Qxd1 Nf6 30. Kg2 Rd8 31. Qb1 Bd6 32. Nc4 Bc5 33. Rc2 Qe7 34. Nxa5 Bxa3 35. Nc4 Bb4 36. Ne3 b6 37. Nc4 Qe4 38. Rb2 Qb7 39. Re2 b5 40. Nce5 Bc3 41. Ng4 Nxg4 42. hxg4 Qd5 43. Qc2 b4 44. Re4 g6 45. Re2 Kg7 46. Re4 Ra8 47. Rf4 Re8 48. Rc4 Re6 49. Rf4 Ra6 50. Kh2 Ra3 51. Nd4 Bxd4 52. Qd3 Rxb3 53. Qxd4+ Qxd4 54. Rxd4 Kf6 55. Kg2 Ke6 56. Re4+ Kf6 57. Rf4+ Kg7 58. Rc4 Rb1 59. Kf3 b3 60. Rc6 Kf8 61. Rc8+ Ke7 62. Rc7+ Ke6 63. Rb7 Kd5 64. g5 h5 65. Rxf7 Re1 66. Rb7 Kc4 67. Rb6 Re5 0-1

[Event "VIE-chT"]
[Site "Ho Chi Minh City"]
[Date "2012.09.24"]
[Round "6"]
[White "Nguyen, Sy Hung"]
[Black "Hoang, Van Ngoc"]
[Result "0-1"]
[WhiteElo "2037"]
[BlackElo "2251"]
[PlyCount "111"]
[EventDate "2012.09.21"]
[EventType "team-tourn"]
[EventRounds "9"]
[EventCountry "VIE"]
[SourceTitle "CBM 150 Extra"]
[Source "ChessBase"]
[SourceDate "2012.10.19"]
[SourceVersion "1"]
[SourceVersionDate "2012.10.19"]
[SourceQuality "1"]

1. g3 Nf6 2. Bg2 d5 3. Nf3 c6 4. 0-0 Bg4 5. h3 Bh5 6. d3 Nbd7 7. Qe1 e5 8. e4 dxe4 9. dxe4 Bc5 10. b4 Be7 11. Bb2 Qc7 12. a3 0-0 13. Nbd2 c5 14. b5 c4 15. Bc3 Ne8 16. a4 f6 17. Nh4 Nd6 18. Nf5 Nxf5 19. exf5 Bf7 20. Ne4 Nc5 21. Ba5 Qc8 22. Bb4 Rb8 23. Qe3 b6 24. Bxc5 bxc5 25. g4 Rd8 26. Rfd1 Rd4 27. c3 Rxd1+ 28. Rxd1 Qc7 29. Bf1 Qa5 30. Nxc5 Rc8 31. Ne6 Be8 32. Qe4 Qxa4 33. Rb1 Bf7 34. Qb7 Re8 35. Qd7 Bf8 36. Nxf8 Rxf8 37. Rb4 Qa1 38. Qd2 h6 39. Qc2 Rd8 40. Ra4 Qe1 41. Qe2 Qxc3 42. Rxa7 Rd2 43. Qe3 Qxe3 44. fxe3 Rb2 45. Rc7 Rb1 46. e4 h5 47. b6 Rxb6 48. Bxc4 Bxc4 49. Rxc4 Rb5 50. Kg2 h4 51. Rc7 Rb2+ 52. Kg1 Rb4 53. Rc3 Rxe4 54. Kf2 Kh7 55. Rc7 Ra4 56. Re7 0-1

[Event "Ho Chi Minh City HD Bank op 2nd"]
[Site "Ho Chi Minh City"]
[Date "2012.03.03"]
[Round "3"]
[White "Nguyen, Sy Hung"]
[Black "Chan, Yi Ren Daniel"]
[Result "0-1"]
[WhiteElo "2043"]
[BlackElo "2342"]
[PlyCount "68"]
[EventDate "2012.03.02"]
[EventType "swiss"]
[EventRounds "9"]
[EventCountry "VIE"]
[SourceTitle "CBM 147 Extra"]
[Source "ChessBase"]
[SourceDate "2012.04.24"]
[SourceVersion "1"]
[SourceVersionDate "2012.04.24"]
[SourceQuality "1"]

1. Nf3 Nf6 2. g3 g6 3. Bg2 Bg7 4. 0-0 0-0 5. c4 d6 6. d4 Nbd7 7. Nc3 e5 8. e4 exd4 9. Nxd4 Nc5 10. Re1 Re8 11. f3 a5 12. Be3 Bd7 13. Qd2 c6 14. Rab1 Qc7 15. b3 Rad8 16. a3 Bc8 17. b4 axb4 18. axb4 Ncd7 19. Na4 d5 20. cxd5 cxd5 21. Rec1 Qb8 22. Nb5 dxe4 23. fxe4 Ne5 24. Qc2 Bd7 25. Nc7 Nfg4 26. Bb6 Rc8 27. b5 Bh6 28. Re1 Re6 29. h3 Rxb6 30. Nxb6 Rxc7 31. Qa2 Nf6 32. Nd5 Nxd5 33. exd5 Rc3 34. Rb3 Nf3+ 0-1